| 000 | 00962 a2200229 4500 | ||
|---|---|---|---|
| 999 |
_c8869 _d8869 |
||
| 020 | _a1841740160 (pbk.) | ||
| 050 | 0 | 0 | _aKF564 COM 2000 |
| 100 |
_aReed, Chris _eeditor |
||
| 245 | 0 | 0 |
_aComputer law / _cedited by Chris Reed and John Angel. |
| 250 | _a4th ed. | ||
| 264 |
_aLondon : _bBlackstone Press, _c2000. |
||
| 300 | _axliii, 515 p. ; | ||
| 500 | _aIncludes index. | ||
| 650 | 0 |
_aComputers _xLaw and legislation |
|
| 700 | 1 |
_aReed, Chris, _d1956- _eeditor |
|
| 700 | 1 |
_aAngel, John. _eeditor |
|
| 856 | 4 | 2 |
_3Publisher description _uhttp://www.loc.gov/catdir/enhancements/fy0639/2001339606-d.html |
| 856 | 4 | 1 |
_3Table of contents only _uhttp://www.loc.gov/catdir/enhancements/fy0639/2001339606-t.html |
| 856 | 4 | 2 |
_3Contributor biographical information _uhttp://www.loc.gov/catdir/enhancements/fy0725/2001339606-b.html |
| 942 |
_2lcc _cBK _e4th ed. _h564 _iCOM _kKF |
||